Central Library OPAC University of Rajshahi

A history of criticism and literary taste in Europe from the earliest texts to the present day / (Record no. 22927)

MARC details
000 -LEADER
fixed length control field 00901nam a2200241 a 4500
001 - CONTROL NUMBER
control field 22927
003 - CONTROL NUMBER IDENTIFIER
rucl marc code BD-RjUL
005 - DATE AND TIME OF LATEST TRANSACTION
control field 20211209000854.0
008 - FIXED-LENGTH DATA ELEMENTS--GENERAL INFORMATION
fixed length control field 140309s1961 stk 000 0 eng d
035 ## - SYSTEM CONTROL NUMBER
System control number (BD-RjUL)22992
System control number (BD-RjUL)
040 ## - CATALOGING SOURCE
Original cataloging agency ANL
Language of cataloging eng
Transcribing agency ANL
Modifying agency BD-RjUL
041 ## - LANGUAGE CODE
Language code of text/sound track or separate title eng
082 04 - DEWEY DECIMAL CLASSIFICATION NUMBER
Classification number 801.9
Author mark and year SAH V-1 1961
100 1# - MAIN ENTRY--PERSONAL NAME
Personal name Saintsbury, George,
Dates associated with a name 1845-1933.
9 (RLIN) 57733
245 12 - TITLE STATEMENT
Title A history of criticism and literary taste in Europe from the earliest texts to the present day /
Statement of responsibility, etc. by George Saintsbury.
Number of part/section of a work VOL I :
Name of part/section of a work Classical and medieval Criticism
260 ## - PUBLICATION, DISTRIBUTION, ETC. (IMPRINT)
Place of publication, distribution, etc. Edinburgh :
Name of publisher, distributor, etc. Blackwood,
Date of publication, distribution, etc. 1961.
300 ## - PHYSICAL DESCRIPTION
Pagination 3 v.
505 0# - FORMATTED CONTENTS NOTE
Formatted contents note v.1. Classical and medieval criticism. - v.2. From the Renaissance to the decline of eighteenth century orthology. - v.3. Modern criticism.
650 #0 - SUBJECT ADDED ENTRY--TOPICAL TERM
Topical term or geographic name as entry element Literature
General subdivision History and criticism.
9 (RLIN) 70692
Topical term or geographic name as entry element Criticism.
9 (RLIN) 70693
942 ## - ADDED ENTRY ELEMENTS (KOHA)
Source of classification or shelving scheme Dewey Decimal Classification
Koha item type Books
Holdings
Lost status Source of classification or shelving scheme Damaged status Not for loan Collection code Permanent Location Current Location Shelving location Date acquired Source of acquisition Cost, normal purchase price Total Checkouts Full call number Date last seen Copy number Koha item type
  Dewey Decimal Classification   Added to bundle Non-fiction Central Library, University of Rajshahi Central Library, University of Rajshahi Reading Room 11/04/1964 Zeitlinger 30.00   801.9 SAH V-1 1961 09/03/2014 C-1 Books
  Dewey Decimal Classification   Not For Loan Non-fiction Central Library, University of Rajshahi Central Library, University of Rajshahi Reading Room 11/04/1964 Zeitlinger 30.00   801.9 SAH V-2 1902 25/01/2017 C-1 Books